Mapa Antártida [material cartográfico] : mapa físico escala 1.

Guardado en:
Formato: Mapa
Publicado: Buenos Aires : Kapelusz, 1983
Materias:
Etiquetas: Agregar Etiqueta
Sin Etiquetas, Sea el primero en etiquetar este registro!
LEADER 00539nem a22001695a 4500
001 CEM.cems017638
008 130507s1983##############a#####1#######d
005 20230823115714.0
245 0 0 |a Mapa Antártida [material cartográfico] :  |b mapa físico escala 1. 
255 |a e. 1 : 10.000.000 
260 |a Buenos Aires :  |b Kapelusz,  |c 1983 
300 |a 1 mapa : col. 
082 0 4 |a 912.989 
653 |a Antártida-mapas 
653 |a Antártida-mapa físico 
653 |a Mapas 
859 |a CEMS  |b BIB. CEMS - Agricultura  |h 912.989  |i Ar37  |p A0016.011  |t Ej.1  |v MAPA  |3 MAPA